• 首页
  • 本馆介绍
  • 公告通知
  • 最新文献
  • 馆藏检索
  • 电子资源
  • 读者导购
  • 参考咨询
  • 我的图书馆
  • 登录
  • 详细信息显示
  • 放入我的书架
  • 预约/预借图书
  • 作者相关作品
  • 分类相关作品
  • 丛书相关作品
  • 出版社相关作品

书目信息

  • 表格格式
  • 工作单格式
  • 卡片格式
题名:
电影歌曲和各国民歌
    
 
作者: 薛范 编
分册: 第2册  
出版信息: 北京   人民音乐出版社  2005
页数: 358页
开本: 30cm
丛书名: 世界通俗合唱珍品集
单 册:
中图分类: J652.53 , J652.4 , J652.4
科图分类:
主题词: 合唱--歌曲--世界--选集 , 电影歌曲--世界--选集 , 合唱 , 歌曲 , 民歌--世界--选集 , 民歌 , 电影歌曲
电子资源:
ISBN: 7-103-02858-3
000 01112nam0 2200337 450
001 003067395
005 20070805180859.45
010    @a7-103-02858-3@dCNY43.00
100    @a20060104d2005 em y0chiy0110 ea
101 0  @achi
102    @aCN@b110000
105    @ag z 000yy
200 1  @a电影歌曲和各国民歌@Adian ying ge qu he ge guo min ge@9shi jie tong su he chang zhen pin ji@h第2册@f薛范编
210    @a北京@c人民音乐出版社@d2005
215    @a358页@d30cm
225 2  @a世界通俗合唱珍品集@e五线谱版
330    @a本书收录了数十首奥斯卡电影歌曲和各国民歌,包括:《祖国进行曲》(苏联影片《大马戏团》插曲)、《雁之歌》(苏联影片《光明之路》插曲)、《热情者进行曲》(苏联影片《光明之路》插曲)等。
410  0 @12001 @a世界通俗合唱珍品集
606 0  @a合唱@x歌曲@y世界@j选集
606 0  @a电影歌曲@y世界@j选集
606 0  @a合唱
606 0  @a歌曲
606 0  @a民歌@y世界@j选集
606 0  @a民歌
606 0  @a电影歌曲
690    @aJ652.53@v4
690    @aJ652.4@v4
690    @aJ652.4@v3
701  0 @a薛范@9xue fan@f(1934~)@4编
801  0 @aCN@bNLC@c20070805
905    @a10447@dJ652.4@e407:2(2)
    
    电影歌曲和各国民歌.第2册/薛范编.-北京:人民音乐出版社,2005
    358页;30cm.-(世界通俗合唱珍品集:五线谱版)
    
    
    ISBN 7-103-02858-3:CNY43.00
    本书收录了数十首奥斯卡电影歌曲和各国民歌,包括:《祖国进行曲》(苏联影片《大马戏团》插曲)、《雁之歌》(苏联影片《光明之路》插曲)、《热情者进行曲》(苏联影片《光明之路》插曲)等。
●
相关链接 在E读中查询图书 在五车中查询图书 在当当中查询图书 在豆瓣中查询图书


正题名:电影歌曲和各国民歌     索取号:J652.4/407:2(2)         预约/预借

序号 登录号 条形码 馆藏地/架位号 状态 备注
1 0805499   208054996   第一样本阅览室/ [索取号:J652.4/407:2(2)] 在馆    
2 0805500   208055003   第一借阅区/ [索取号:J652.4/407:2(2)] 在馆    
3 0805501   208055012   第一借阅区/ [索取号:J652.4/407:2(2)] 在馆    
4 0805502   208055021   第一借阅区/ [索取号:J652.4/407:2(2)] 在馆    
5 0805503   208055030   密集书库-音乐系/ [索取号:J652.4/407:2(2)] 在馆    
唐山师范学院图书馆 欢迎您!
大连网信软件有限公司© 版权所有